[Event "GRE-ch Online Blitz op 1st"]
[Site "Tornelo INT"]
[Date "2021.02.07"]
[Round "14"]
[White "Avdeliodis, Ioannis"]
[Black "Dimanoudis, Agelos"]
[Result "1-0"]
[WhiteElo "1354"]
[BlackElo "1626"]
[PlyCount "101"]
[EventDate "2021.02.07"]
[EventType "swiss (blitz)"]
[EventRounds "16"]
[EventCountry "GRE"]
[SourceTitle "EXT 2023"]
[Source "ChessBase"]
[SourceDate "2022.10.05"]
[SourceVersion "1"]
[SourceVersionDate "2022.10.05"]
[SourceQuality "1"]

1. e4 e6 2. d4 d5 3. exd5 exd5 4. c4 Bb4+ 5. Nc3 Ne7 6. Nf3 0-0 7. Be2 Nd7 8. 0-0 Bxc3 9. bxc3 c6 10. Bg5 f6 11. Bf4 Ng6 12. Bd6 Re8 13. Bd3 Ndf8 14. c5 b6 15. c4 bxc5 16. dxc5 Ba6 17. cxd5 Bxd3 18. Qxd3 Qd7 19. Qc4 cxd5 20. Qxd5+ Qe6 21. Qb7 Qe4 22. c6 Ne6 23. Rfe1 Qd5 24. Bg3 Nd4 25. Nxd4 Qxd4 26. Red1 Qb6 27. Qxb6 axb6 28. Rab1 Rec8 29. c7 Ne5 30. f4 Nc4 31. f5 Ne5 32. Bxe5 fxe5 33. Rd7 Ra7 34. Rxb6 Raxc7 35. Rxc7 Rxc7 36. Ra6 Kf7 37. Kf2 Rc2+ 38. Kf3 Rc3+ 39. Ke4 Rc2 40. Ra7+ Kf6 41. Ra6+ Kf7 42. Kxe5 Re2+ 43. Kf4 Rxg2 44. Ra7+ Kf6 45. Ra6+ Kf7 46. h4 Rf2+ 47. Kg4 h5+ 48. Kg5 Rg2+ 49. Kxh5 Rg3 50. a4 Rg2 51. Ra7+ 1-0

[Event "GRE-ch Online Blitz op 1st"]
[Site "Tornelo INT"]
[Date "2021.02.07"]
[Round "2"]
[White "Chasiotis, Odysseas"]
[Black "Dimanoudis, Agelos"]
[Result "0-1"]
[WhiteElo "1013"]
[BlackElo "1626"]
[PlyCount "132"]
[EventDate "2021.02.07"]
[EventType "swiss (blitz)"]
[EventRounds "16"]
[EventCountry "GRE"]
[SourceTitle "EXT 2023"]
[Source "ChessBase"]
[SourceDate "2022.10.05"]
[SourceVersion "1"]
[SourceVersionDate "2022.10.05"]
[SourceQuality "1"]

1. e4 e6 2. d4 d5 3. exd5 exd5 4. Nc3 c6 5. Nf3 Bd6 6. Be2 Ne7 7. 0-0 0-0 8. Bg5 f6 9. Be3 Bf5 10. Bd3 Bxd3 11. Qxd3 Na6 12. a3 Nc7 13. Qd2 Qd7 14. Bf4 Nf5 15. Bxd6 Nxd6 16. Rfe1 Rfe8 17. Rxe8+ Rxe8 18. Re1 Rxe1+ 19. Qxe1 Qe6 20. Qxe6+ Nxe6 21. Kf1 b6 22. g3 a5 23. Ke2 Kf7 24. h3 g5 25. Ke3 Nc4+ 26. Kd3 Nxb2+ 27. Kd2 Nc4+ 28. Kc1 Nxa3 29. Kb2 Nc4+ 30. Kb3 h5 31. Ne2 b5 32. c3 Ke7 33. Nc1 Nd6 34. Nd3 Ne4 35. g4 h4 36. Nh2 Nd2+ 37. Kc2 Nc4 38. Kb3 Kd6 39. Nf3 Nc7 40. Nfe1 Na6 41. Nc2 a4+ 42. Ka2 Nd2 43. Ka3 Ne4 44. Ka2 Nxc3+ 45. Ka3 Ne4 46. f3 Nc3 47. Kb2 Ne2 48. Ka3 Ng1 49. Nf2 Nxf3 50. Ne3 Nxd4 51. Nd3 Nc5 52. Nxc5 Kxc5 53. Kb2 b4 54. Ka1 a3 55. Ka2 Nb5 56. Kb3 Nd4+ 57. Ka2 Kb5 58. Nf5 Nxf5 59. gxf5 c5 60. Ka1 c4 61. Kb1 b3 62. Ka1 c3 63. Kb1 d4 64. Ka1 d3 65. Kb1 d2 66. Ka1 d1R# 0-1

[Event "GRE-ch Online Blitz op 1st"]
[Site "Tornelo INT"]
[Date "2021.02.07"]
[Round "7"]
[White "Dimanoudis, Agelos"]
[Black "Tsakonas, Konstantinos"]
[Result "0-1"]
[WhiteElo "1626"]
[BlackElo "1164"]
[PlyCount "86"]
[EventDate "2021.02.07"]
[EventType "swiss (blitz)"]
[EventRounds "16"]
[EventCountry "GRE"]
[SourceTitle "EXT 2023"]
[Source "ChessBase"]
[SourceDate "2022.10.05"]
[SourceVersion "1"]
[SourceVersionDate "2022.10.05"]
[SourceQuality "1"]

1. e4 c5 2. Nf3 g6 3. d4 cxd4 4. Nxd4 Bg7 5. c4 Nc6 6. Be3 Nf6 7. f3 0-0 8. Nc3 Qb6 9. Qd2 Nxe4 10. fxe4 Bxd4 11. Bxd4 Qxd4 12. Qxd4 Nxd4 13. Bd3 d6 14. 0-0 Be6 15. Nd5 Bxd5 16. exd5 e5 17. Rf6 Rad8 18. Raf1 Rd7 19. Kf2 Kg7 20. Ke3 Nf5+ 21. Bxf5 gxf5 22. R1xf5 Rc8 23. b3 b5 24. Kd3 bxc4+ 25. bxc4 Rc5 26. Rf2 Ra5 27. R6f3 Ra3+ 28. Ke4 Rxf3 29. Rxf3 Rc7 30. Kd3 Kg6 31. Rg3+ Kh6 32. Rg4 f5 33. Rh4+ Kg5 34. Rh3 f4 35. Rf3 Kf5 36. g4+ Kxg4 37. Rf1 f3 38. Rg1+ Kf4 39. h3 e4+ 40. Kd4 f2 41. Rg4+ Kf3 42. Rxe4 f1Q 43. Re6 Qxc4# 0-1

[Event "GRE-ch Online Blitz op 1st"]
[Site "Tornelo INT"]
[Date "2021.02.07"]
[Round "11"]
[White "Dimanoudis, Agelos"]
[Black "Tsouchnikas, Georgios"]
[Result "1-0"]
[WhiteElo "1626"]
[BlackElo "1208"]
[PlyCount "73"]
[EventDate "2021.02.07"]
[EventType "swiss (blitz)"]
[EventRounds "16"]
[EventCountry "GRE"]
[SourceTitle "EXT 2023"]
[Source "ChessBase"]
[SourceDate "2022.10.05"]
[SourceVersion "1"]
[SourceVersionDate "2022.10.05"]
[SourceQuality "1"]

1. e4 g6 2. d4 Bg7 3. Nc3 b6 4. Be3 Bb7 5. f3 d6 6. Qd2 Nd7 7. Nh3 c5 8. 0-0-0 e6 9. Kb1 a6 10. Nf2 Qc7 11. h4 h5 12. g4 Bh6 13. g5 Bg7 14. Ne2 Ne7 15. Bh3 0-0 16. c3 Rfd8 17. f4 Rac8 18. Rhe1 d5 19. e5 c4 20. Ng3 b5 21. Qe2 a5 22. Nxh5 Bh8 23. Nf6+ Nxf6 24. gxf6 Nf5 25. Bxf5 exf5 26. h5 b4 27. Rg1 bxc3 28. bxc3 Rb8 29. Ka1 a4 30. hxg6 Qa5 31. gxf7+ Kxf7 32. Qh5+ Ke6 33. Bd2 Bc6 34. Ng4 Be8 35. Qh7 Bf7 36. Ne3 Rb7 37. Qxf5# 1-0

[Event "GRE-ch Online Blitz op 1st"]
[Site "Tornelo INT"]
[Date "2021.02.07"]
[Round "16"]
[White "Kalyvas, Georgios A"]
[Black "Dimanoudis, Agelos"]
[Result "0-1"]
[WhiteElo "1094"]
[BlackElo "1626"]
[PlyCount "142"]
[EventDate "2021.02.07"]
[EventType "swiss (blitz)"]
[EventRounds "16"]
[EventCountry "GRE"]
[SourceTitle "EXT 2023"]
[Source "ChessBase"]
[SourceDate "2022.10.05"]
[SourceVersion "1"]
[SourceVersionDate "2022.10.05"]
[SourceQuality "1"]

1. e4 e5 2. Nf3 Nc6 3. Bc4 Nf6 4. d3 Bc5 5. 0-0 d6 6. Nc3 h6 7. Be3 Bb6 8. Bxb6 axb6 9. Nd5 Nxd5 10. Bxd5 Ne7 11. Bb3 c6 12. c3 Bg4 13. h3 Bh5 14. Qe2 b5 15. Qe3 Bxf3 16. Qxf3 0-0 17. a4 bxa4 18. Rxa4 Rxa4 19. Bxa4 Ng6 20. Bb3 Qb6 21. Ba2 Qxb2 22. Bc4 b5 23. Be6 fxe6 24. Qg4 Nf4 25. g3 Qe2 26. gxf4 Qxg4+ 27. hxg4 Rxf4 28. f3 Rf8 29. Kg2 Ra8 30. Rc1 Ra3 31. Kf2 Kf7 32. Ke3 Kg6 33. c4 b4 34. c5 d5 35. exd5 exd5 36. Rb1 b3 37. Kd2 Ra2+ 38. Kc3 Rc2+ 39. Kxb3 Rxc5 40. Ka4 Rc3 41. Rb6 Kg5 42. Rb7 g6 43. Re7 Kf4 44. Rf7+ Ke3 45. Re7 Kd4 46. Kb4 Rxd3 47. Rf7 c5+ 48. Kb5 Rb3+ 49. Kc6 c4 50. Rd7 Ke3 51. Rxd5 Kxf3 52. Rxe5 Kxg4 53. Re4+ Kf5 54. Rxc4 h5 55. Kc5 Rf3 56. Kd5 Rf4 57. Rc3 g5 58. Re3 h4 59. Re5+ Kg4 60. Re1 Rf5+ 61. Ke6 Rf3 62. Rg1+ Rg3 63. Rh1 h3 64. Kf6 Rf3+ 65. Kg6 Kh4 66. Rg1 Rg3 67. Rh1 g4 68. Kh6 Rg2 69. Rf1 h2 70. Rh1 g3 71. Kh7 Rg1 0-1

[Event "GRE-ch Online Blitz op 1st"]
[Site "Tornelo INT"]
[Date "2021.02.07"]
[Round "6"]
[White "Siakavaras, Konstantinos"]
[Black "Dimanoudis, Agelos"]
[Result "0-1"]
[WhiteElo "1116"]
[BlackElo "1626"]
[PlyCount "118"]
[EventDate "2021.02.07"]
[EventType "swiss (blitz)"]
[EventRounds "16"]
[EventCountry "GRE"]
[SourceTitle "EXT 2023"]
[Source "ChessBase"]
[SourceDate "2022.10.05"]
[SourceVersion "1"]
[SourceVersionDate "2022.10.05"]
[SourceQuality "1"]

1. e4 e6 2. Nc3 d5 3. exd5 exd5 4. Nf3 c6 5. d4 Bd6 6. Bd2 Ne7 7. Bd3 0-0 8. 0-0 Bf5 9. Bxf5 Nxf5 10. Re1 Na6 11. h3 Nc7 12. Bg5 f6 13. Bd2 Re8 14. b3 Qd7 15. Bc1 Rxe1+ 16. Qxe1 Re8 17. Qd2 b6 18. Bb2 Kf7 19. Re1 Rxe1+ 20. Qxe1 Qe6 21. Qxe6+ Nxe6 22. Ne2 Nf4 23. Nxf4 Bxf4 24. g3 Bd6 25. Kf1 g5 26. Ke2 h5 27. g4 hxg4 28. hxg4 Nh6 29. c4 Nxg4 30. cxd5 cxd5 31. Nd2 Bf4 32. f3 Nh6 33. Kd3 Bxd2 34. Kxd2 f5 35. Ke3 Kg6 36. Bc1 Kh5 37. f4 g4 38. Bd2 Kh4 39. Be1+ Kh3 40. b4 b5 41. Bf2 g3 42. Bg1 Ng4+ 43. Ke2 Kg2 44. Be3 Nxe3 45. Kxe3 Kf1 46. Kf3 g2 47. Ke3 g1Q+ 48. Kd3 Qg3+ 49. Kc2 Qxf4 50. a4 a6 51. axb5 axb5 52. Kb3 Qxd4 53. Ka3 Qc3+ 54. Ka2 f4 55. Kb1 Qd2 56. Ka1 Ke2 57. Kb1 f3 58. Ka1 f2 59. Kb1 f1R# 0-1

[Event "GRE-ch Online Blitz op 1st"]
[Site "Tornelo INT"]
[Date "2021.02.07"]
[Round "12"]
[White "Tampakis, Vasileios"]
[Black "Dimanoudis, Agelos"]
[Result "0-1"]
[WhiteElo "1168"]
[BlackElo "1626"]
[PlyCount "78"]
[EventDate "2021.02.07"]
[EventType "swiss (blitz)"]
[EventRounds "16"]
[EventCountry "GRE"]
[SourceTitle "EXT 2023"]
[Source "ChessBase"]
[SourceDate "2022.10.05"]
[SourceVersion "1"]
[SourceVersionDate "2022.10.05"]
[SourceQuality "1"]

1. e4 e6 2. d3 d5 3. Nd2 Nf6 4. Ngf3 c5 5. g3 Nc6 6. Bg2 Be7 7. 0-0 0-0 8. Re1 b5 9. e5 Nd7 10. Nf1 Qb6 11. h4 a5 12. N1h2 a4 13. Ng4 b4 14. Bg5 f6 15. Bf4 fxe5 16. Ngxe5 Ndxe5 17. Nxe5 Nxe5 18. Bxe5 c4 19. dxc4 Qxf2+ 20. Kh1 Bb7 21. Qe2 Bc5 22. Qxf2 Rxf2 23. c3 b3 24. axb3 axb3 25. Rxa8+ Bxa8 26. cxd5 Bxd5 27. c4 Bxg2+ 28. Kg1 Rxb2+ 29. Re3 Bxe3+ 30. Kh2 Rc2 31. Ba1 Bc6+ 32. Kh3 b2 33. Bxb2 Rxb2 34. c5 Bg2+ 35. Kg4 Bxc5 36. Kf4 Bd6+ 37. Kg4 g6 38. Kg5 Be7+ 39. Kg4 Rb4# 0-1

[Event "GRE-ch Online Rapid op 1st"]
[Site "Tornelo INT"]
[Date "2021.02.06"]
[Round "1"]
[White "Agiakatsikas, Konstantinos"]
[Black "Dimanoudis, Agelos"]
[Result "1-0"]
[WhiteElo "1035"]
[BlackElo "1648"]
[PlyCount "109"]
[EventDate "2021.02.06"]
[EventType "swiss (rapid)"]
[EventRounds "8"]
[EventCountry "GRE"]
[SourceTitle "EXT 2023"]
[Source "ChessBase"]
[SourceDate "2022.10.05"]
[SourceVersion "1"]
[SourceVersionDate "2022.10.05"]
[SourceQuality "1"]

1. e4 e6 2. d4 d5 3. Nc3 Bb4 4. a3 Bxc3+ 5. bxc3 c5 6. Bb5+ Bd7 7. Qe2 Ne7 8. Bxd7+ Nxd7 9. Qg4 Qa5 10. Ne2 cxd4 11. Qxg7 Rg8 12. Qxd4 e5 13. Qb4 Qa6 14. Be3 Rxg2 15. Ng3 Rc8 16. a4 Rc4 17. Qb5 d4 18. Qxa6 bxa6 19. Bc1 Rxc3 20. Kf1 Rgxg3 21. hxg3 Nc5 22. Ba3 Nxe4 23. Bxe7 Kxe7 24. Kg2 Rxc2 25. Rhf1 f6 26. Rac1 d3 27. Rxc2 dxc2 28. Rc1 Kd6 29. Rxc2 Nc5 30. Rd2+ Kc7 31. Rc2 Kd6 32. a5 f5 33. Kf3 h5 34. Rd2+ Kc7 35. Rd5 Nd7 36. Ke3 Kc6 37. Rd1 Nf6 38. Rd8 Nd5+ 39. Ke2 f4 40. Rh8 fxg3 41. fxg3 Nc3+ 42. Ke3 Nd5+ 43. Kf3 Kb5 44. Rxh5 Kc4 45. Rxe5 Kd4 46. Rxd5+ Kxd5 47. Kf4 Ke6 48. Kg5 Kf7 49. Kh6 Kg8 50. Kg6 Kh8 51. g4 Kg8 52. g5 Kh8 53. Kf7 Kh7 54. g6+ Kh6 55. g7 1-0

[Event "GRE-ch Online Rapid op 1st"]
[Site "Tornelo INT"]
[Date "2021.02.06"]
[Round "7"]
[White "Skodras, Marios Konstantinos"]
[Black "Dimanoudis, Agelos"]
[Result "1-0"]
[WhiteElo "1190"]
[BlackElo "1648"]
[PlyCount "67"]
[EventDate "2021.02.06"]
[EventType "swiss (rapid)"]
[EventRounds "8"]
[EventCountry "GRE"]
[SourceTitle "EXT 2023"]
[Source "ChessBase"]
[SourceDate "2022.10.05"]
[SourceVersion "1"]
[SourceVersionDate "2022.10.05"]
[SourceQuality "1"]

1. b3 Nf6 2. Bb2 g6 3. e3 Bg7 4. f4 0-0 5. Nf3 d6 6. Be2 c5 7. 0-0 a6 8. c4 Nc6 9. h3 Bf5 10. d3 Qc7 11. e4 Bd7 12. Nh2 e5 13. f5 Nd4 14. Bxd4 cxd4 15. Ng4 Nxg4 16. Bxg4 Bh6 17. f6 Be3+ 18. Kh2 Qc8 19. Bxd7 Qxd7 20. Na3 Rfc8 21. Nc2 Bg5 22. Nb4 Rc5 23. Nd5 Rxd5 24. exd5 Re8 25. Qf3 b6 26. Rae1 a5 27. Re4 Rc8 28. g3 b5 29. h4 Bh6 30. h5 a4 31. hxg6 hxg6 32. Rh4 Bf8 33. Qg4 axb3 34. Qxd7 1-0

[Event "Rhodes Colossus op"]
[Site "Rhodes"]
[Date "2015.09.02"]
[Round "3"]
[White "Ilandzis, Spyridon"]
[Black "Dimanoudis, Agelos"]
[Result "1-0"]
[WhiteElo "2181"]
[BlackElo "1620"]
[PlyCount "103"]
[EventDate "2015.09.01"]
[EventType "swiss"]
[EventRounds "9"]
[EventCountry "GRE"]
[SourceTitle "EXT 2017"]
[Source "ChessBase"]
[SourceDate "2016.10.25"]
[SourceVersion "1"]
[SourceVersionDate "2016.10.25"]
[SourceQuality "1"]

1. d4 d5 2. c4 c6 3. Nf3 Nf6 4. Nc3 e6 5. Bg5 Nbd7 6. e3 Qa5 7. cxd5 Nxd5 8. Qd2 Bb4 9. Rc1 0-0 10. e4 Nxc3 11. bxc3 Ba3 12. Rb1 Re8 13. Bd3 e5 14. 0-0 f6 15. Be3 Kh8 16. Nh4 Nf8 17. dxe5 Qxe5 18. f4 Qh5 19. Nf3 Nd7 20. f5 Bd6 21. Bc2 Bc5 22. Bxc5 Nxc5 23. Qd6 b6 24. Nd4 Ba6 25. Rf3 Rad8 26. Qxc6 Bb7 27. Qc7 Rd7 28. Qf4 Bxe4 29. Bxe4 Rxe4 30. Qb8+ Re8 31. Qf4 Qf7 32. Re3 Rxe3 33. Qxe3 Qe7 34. Re1 Qxe3+ 35. Rxe3 Kg8 36. g4 Kf7 37. Kf2 Re7 38. Nc6 Rxe3 39. Kxe3 a5 40. Kd4 Ke8 41. Nxa5 Ke7 42. Nc4 Nd7 43. Kd5 b5 44. Na3 Ne5 45. h3 Nd3 46. Nxb5 Nf4+ 47. Kc6 Nxh3 48. a4 Nf2 49. a5 Nxg4 50. a6 Ne5+ 51. Kc7 g5 52. a7 1-0

[Event "Athens Erythraias op 2rd"]
[Site "Athens"]
[Date "2015.04.16"]
[Round "7"]
[White "Fanourgakis, Konstantinos"]
[Black "Dimanoudis, Agelos"]
[Result "1-0"]
[WhiteElo "1674"]
[BlackElo "1630"]
[PlyCount "99"]
[EventDate "2015.01.30"]
[EventType "swiss"]
[EventRounds "7"]
[EventCountry "GRE"]
[SourceTitle "EXT 2024"]
[Source "ChessBase"]
[SourceDate "2023.10.10"]
[SourceVersion "1"]
[SourceVersionDate "2023.10.10"]
[SourceQuality "1"]

1. d4 g6 2. e4 d6 3. Nc3 Bg7 4. Be3 Nf6 5. f3 a6 6. Qd2 h6 7. a3 Nc6 8. Bd3 Bd7 9. Nge2 e5 10. d5 Na7 11. a4 Nc8 12. a5 Kf8 13. Na4 Qe8 14. b3 Ne7 15. c4 Kg8 16. Ra2 Kh7 17. 0-0 Rf8 18. Rc1 Nfg8 19. c5 f5 20. cxd6 cxd6 21. Nb6 Rd8 22. Rc7 Nf6 23. Rxb7 Bb5 24. Bxb5 axb5 25. Nc3 Qf7 26. exf5 gxf5 27. Nxb5 f4 28. Bf2 e4 29. Qxf4 Ng6 30. Rxf7 Nxf4 31. Rxf8 Bxf8 32. Bh4 Be7 33. fxe4 N6xd5 34. Nxd5 Nxd5 35. Bxe7 Nxe7 36. Rd2 Nc6 37. Rxd6 Rxd6 38. Nxd6 Nxa5 39. b4 Nc6 40. b5 Nb8 41. Kf2 Kg6 42. Ke3 Kf6 43. Kf4 Nd7 44. Nc4 Ke6 45. b6 Nc5 46. Ke3 Kd7 47. Kd4 Ne6+ 48. Ke5 Nc5 49. Kd5 Nd3 50. Ne5+ 1-0

[Event "Athens Erythraias op 2rd"]
[Site "Athens"]
[Date "2015.03.19"]
[Round "4"]
[White "Dimanoudis, Agelos"]
[Black "Anairousis, Panagiotis"]
[Result "1-0"]
[WhiteElo "1630"]
[BlackElo "1908"]
[PlyCount "107"]
[EventDate "2015.01.30"]
[EventType "swiss"]
[EventRounds "7"]
[EventCountry "GRE"]
[SourceTitle "EXT 2024"]
[Source "ChessBase"]
[SourceDate "2023.10.10"]
[SourceVersion "1"]
[SourceVersionDate "2023.10.10"]
[SourceQuality "1"]

1. e4 Nc6 2. d4 d5 3. e5 Bf5 4. h4 Qd7 5. h5 f6 6. f4 Nh6 7. Be2 0-0-0 8. c3 Bg4 9. Rh4 Bxe2 10. Qxe2 f5 11. e6 Qd6 12. Nf3 Re8 13. Na3 Nd8 14. Ng5 Ng4 15. Rxg4 fxg4 16. Qxg4 Kb8 17. f5 g6 18. Nb5 Qh2 19. Qf4 Qxf4 20. Bxf4 Bh6 21. Bxc7+ Kc8 22. Nf7 Nxf7 23. exf7 a6 24. Be5 axb5 25. fxe8Q+ Rxe8 26. fxg6 hxg6 27. g4 gxh5 28. gxh5 Rf8 29. Ke2 Rf5 30. Rh1 Kd7 31. b3 Ke6 32. a4 bxa4 33. bxa4 Kd7 34. Rb1 Rxh5 35. Rxb7+ Kc6 36. Rxe7 Bf8 37. Rc7+ Kb6 38. Rc8 Ba3 39. a5+ Ka6 40. Ra8+ Kb7 41. Rd8 Rh3 42. Kd2 Ka6 43. Rxd5 Bb2 44. Rc5 Ba3 45. Rc8 Rh5 46. Kc2 Kb7 47. Rb8+ Ka7 48. Rh8 Rg5 49. Kb3 Bc1 50. Ka4 Rf5 51. Kb5 Bf4 52. Rh7+ Ka8 53. Kb6 Rf8 54. Ra7# 1-0

[Event "Peristeri op"]
[Site "Peristeri"]
[Date "2015.01.06"]
[Round "5"]
[White "Dimanoudis, Agelos"]
[Black "Georgakopoulos, Nikolaos K"]
[Result "0-1"]
[WhiteElo "1636"]
[BlackElo "1807"]
[PlyCount "90"]
[EventDate "2015.01.02"]
[EventType "swiss"]
[EventRounds "7"]
[EventCountry "GRE"]
[SourceTitle "EXT 2016"]
[Source "ChessBase"]
[SourceDate "2015.10.08"]
[SourceVersion "1"]
[SourceVersionDate "2015.10.08"]
[SourceQuality "1"]

1. e4 c5 2. Nf3 Nc6 3. d4 cxd4 4. c3 dxc3 5. Nxc3 e6 6. Bc4 a6 7. 0-0 Nge7 8. Be3 b5 9. Bb3 Ng6 10. Qe2 Be7 11. Rfd1 0-0 12. Nd4 Bb7 13. Nxe6 fxe6 14. Bxe6+ dxe6 15. Rxd8 Raxd8 16. Bb6 Rde8 17. Rd1 Nce5 18. f3 Nc4 19. Bf2 Rd8 20. b3 Rxd1+ 21. Nxd1 Nce5 22. Bb6 Rc8 23. Be3 Rd8 24. Bb6 Rd7 25. g3 Bb4 26. Be3 Nc6 27. Nf2 Nd4 28. Bxd4 Rxd4 29. Nd3 Ba5 30. Kg2 Ne7 31. h4 Nc6 32. a3 Ne5 33. Qb2 Nc6 34. Qc2 Kf7 35. Kh3 Bb6 36. b4 Rc4 37. Qa2 Bd4 38. f4 Rc3 39. f5 Bc8 40. Nf4 Be5 41. fxe6+ Ke8 42. Kh2 Nd4 43. Qd5 Rc2+ 44. Kh3 Bxf4 45. g4 Rh2# 0-1

[Event "Peristeri op"]
[Site "Peristeri"]
[Date "2015.01.04"]
[Round "3"]
[White "Laspas, Panagiotis"]
[Black "Dimanoudis, Agelos"]
[Result "1-0"]
[WhiteElo "1769"]
[BlackElo "1636"]
[PlyCount "115"]
[EventDate "2015.01.02"]
[EventType "swiss"]
[EventRounds "7"]
[EventCountry "GRE"]
[SourceTitle "EXT 2016"]
[Source "ChessBase"]
[SourceDate "2015.10.08"]
[SourceVersion "1"]
[SourceVersionDate "2015.10.08"]
[SourceQuality "1"]

1. d4 d5 2. c4 c6 3. Nf3 Nf6 4. Nc3 e6 5. e3 Nbd7 6. Qc2 Bd6 7. Bd3 dxc4 8. Bxc4 b5 9. Bd3 Bb7 10. Bd2 a6 11. 0-0 c5 12. b3 Rc8 13. Qb2 0-0 14. Ne2 Re8 15. Bc3 b4 16. Bd2 e5 17. Bc4 Bxf3 18. gxf3 exd4 19. exd4 Qc7 20. Ng3 cxd4 21. Rac1 Qb6 22. Nf5 Ne5 23. Be2 d3 24. Bd1 Bc5 25. Be3 Nd5 26. Re1 Bxe3 27. Rxc8 Rxc8 28. Qxe5 Bxf2+ 29. Kh1 Nf6 30. Ne7+ Kf8 31. Nxc8 Qd8 32. Qe7+ Qxe7 33. Rxe7 g6 34. Kg2 Bd4 35. Rb7 Bc3 36. Nb6 Kg7 37. Rb8 Nh5 38. Nd5 Bd2 39. Rc8 h6 40. Rc4 a5 41. Rd4 g5 42. Rxd3 Bf4 43. Rd4 Kf8 44. Nxf4 Nxf4+ 45. Kf2 Ke7 46. Be2 Nh3+ 47. Ke3 f5 48. Rd5 Kf6 49. Rxa5 h5 50. Rb5 Nf4 51. Bd3 Ng2+ 52. Kf2 Nf4 53. Rxf5+ Ke6 54. Rxf4 gxf4 55. Kg2 Ke5 56. Kh3 Kd4 57. Be4 Kc3 58. Kh4 1-0

[Event "Athens Epikoinonia 1st"]
[Site "Athens"]
[Date "2013.04.21"]
[Round "2.2"]
[White "Dimanoudis, Agelos"]
[Black "Sienczewski, Zbigniew"]
[Result "1/2-1/2"]
[WhiteElo "1748"]
[BlackElo "2049"]
[PlyCount "81"]
[EventDate "2013.04.14"]
[EventType "swiss"]
[EventRounds "7"]
[EventCountry "GRE"]
[SourceTitle "EXT 2024"]
[Source "ChessBase"]
[SourceDate "2023.10.10"]
[SourceVersion "1"]
[SourceVersionDate "2023.10.10"]
[SourceQuality "1"]

1. e4 d6 2. d4 Nf6 3. Nc3 g6 4. Nf3 Bg7 5. h3 0-0 6. Be3 c6 7. a4 a5 8. Be2 Na6 9. Nd2 Nb4 10. Na2 Nxa2 11. Rxa2 Qc7 12. 0-0 Bd7 13. c4 e5 14. dxe5 dxe5 15. c5 Be6 16. Ra1 Rfd8 17. Qc2 Nh5 18. Bxh5 gxh5 19. Nc4 Qe7 20. Nb6 Rab8 21. Qe2 Qh4 22. Qf3 Rd3 23. Rfd1 Rbd8 24. Rxd3 Rxd3 25. Rd1 Qd8 26. Rxd3 Qxd3 27. Qxh5 Qxe4 28. Qd1 h6 29. Qd2 Qb4 30. Qxb4 axb4 31. Bd2 e4 32. Bxb4 Bxb2 33. Kf1 Kg7 34. Ke2 Kf6 35. Bd2 Bd4 36. Be3 Ke5 37. g4 f5 38. Bxh6 Bxc5 39. Bg7+ Kf4 40. Bh6+ Ke5 41. Bg7+ 1/2-1/2

[Event "Fyli op 3rd"]
[Site "Fyli"]
[Date "2011.10.28"]
[Round "7"]
[White "Kouliouras, Ioannis"]
[Black "Dimanoudis, Agelos"]
[Result "0-1"]
[WhiteElo "1665"]
[BlackElo "1345"]
[PlyCount "96"]
[EventDate "2011.09.16"]
[EventType "swiss"]
[EventRounds "7"]
[EventCountry "GRE"]
[SourceTitle "EXT 2013"]
[Source "ChessBase"]
[SourceDate "2012.11.22"]
[SourceVersion "1"]
[SourceVersionDate "2012.11.22"]
[SourceQuality "1"]

1. d4 d5 2. Nf3 Nf6 3. Bg5 Ne4 4. Bf4 c5 5. e3 Qb6 6. Nc3 Nxc3 7. bxc3 Nc6 8. Bd3 e6 9. 0-0 c4 10. Be2 Be7 11. e4 0-0 12. e5 f6 13. exf6 Bxf6 14. Re1 Bxd4 15. cxd4 Rxf4 16. c3 Bd7 17. Qc2 Raf8 18. Bd1 R8f5 19. Re3 Qc7 20. g3 Rg4 21. Nh4 Rxh4 22. gxh4 Rf4 23. h5 e5 24. dxe5 Bf5 25. Qd2 Bd3 26. Rxd3 Qxe5 27. Rxd5 Qf6 28. Rb1 b6 29. Qe3 Ne7 30. Re5 Rxf2 31. Qxf2 Qxe5 32. Qf3 Nd5 33. Qe2 Qg5+ 34. Kh1 Ne3 35. Ba4 g6 36. hxg6 hxg6 37. Rb5 Qf4 38. Rb1 Qe4+ 39. Kg1 Qxb1+ 40. Kf2 Nf5 41. Qxc4+ Kg7 42. Qc7+ Kh6 43. Qf4+ Kg7 44. Qd2 Qh1 45. Qf4 Qa1 46. Qc4 Qc1 47. Qd3 Qf4+ 48. Ke2 Qxa4 0-1

[Event "Fyli op 3rd"]
[Site "Fyli"]
[Date "2011.09.16"]
[Round "1"]
[White "Dimanoudis, Agelos"]
[Black "Simeonidis, Haralambos"]
[Result "1-0"]
[WhiteElo "1345"]
[BlackElo "1880"]
[PlyCount "65"]
[EventDate "2011.09.16"]
[EventType "swiss"]
[EventRounds "7"]
[EventCountry "GRE"]
[SourceTitle "EXT 2013"]
[Source "ChessBase"]
[SourceDate "2012.11.22"]
[SourceVersion "1"]
[SourceVersionDate "2012.11.22"]
[SourceQuality "1"]

1. e4 e6 2. d4 d5 3. e5 c5 4. Qg4 cxd4 5. Nf3 Nc6 6. Bd3 Nge7 7. 0-0 Ng6 8. Re1 Be7 9. a3 Bd7 10. b4 0-0 11. Bd2 Qc7 12. Qg3 f5 13. c3 dxc3 14. Nxc3 a6 15. Rac1 b5 16. Nd1 Qb7 17. Nb2 Rac8 18. Bb1 a5 19. Nd3 axb4 20. axb4 Qb8 21. h4 Rc7 22. h5 Nh8 23. Bh6 Rf7 24. Ng5 Bxg5 25. Bxg5 Kf8 26. Be3 Ke8 27. Bc5 Qb7 28. Bd6 Rc8 29. Nc5 Qb6 30. Bxf5 Nd8 31. Bxh7 Nb7 32. Bg8 Nxd6 33. exd6 1-0

[Event "Fyli op 2nd"]
[Site "Fyli"]
[Date "2011.06.03"]
[Round "7"]
[White "Dimanoudis, Agelos"]
[Black "Georgopoulou, Eytyhia"]
[Result "1-0"]
[WhiteElo "1000"]
[BlackElo "1500"]
[PlyCount "37"]
[EventDate "2011.04.15"]
[EventType "swiss"]
[EventRounds "7"]
[EventCountry "GRE"]
[SourceTitle "EXT 2013"]
[Source "ChessBase"]
[SourceDate "2012.11.22"]
[SourceVersion "1"]
[SourceVersionDate "2012.11.22"]
[SourceQuality "1"]

1. e4 c5 2. d4 cxd4 3. c3 dxc3 4. Nxc3 e5 5. Nf3 Nc6 6. Bc4 Bb4 7. 0-0 Bxc3 8. bxc3 d6 9. Ng5 Nh6 10. f4 b5 11. Bxf7+ Nxf7 12. Nxf7 Qb6+ 13. Kh1 Kxf7 14. fxe5+ Kg6 15. Qxd6+ Kh5 16. e6 Bxe6 17. Qxe6 Rhf8 18. Qh3+ Kg6 19. Qg4# 1-0

[Event "Fyli op 2nd"]
[Site "Fyli"]
[Date "2011.05.27"]
[Round "6"]
[White "Vlassopoulos, Nikos"]
[Black "Dimanoudis, Agelos"]
[Result "0-1"]
[WhiteElo "1000"]
[BlackElo "1000"]
[PlyCount "70"]
[EventDate "2011.04.15"]
[EventType "swiss"]
[EventRounds "7"]
[EventCountry "GRE"]
[SourceTitle "EXT 2013"]
[Source "ChessBase"]
[SourceDate "2012.11.22"]
[SourceVersion "1"]
[SourceVersionDate "2012.11.22"]
[SourceQuality "1"]

1. e4 e6 2. d4 d5 3. exd5 exd5 4. Bd3 c5 5. b3 Nc6 6. dxc5 Bxc5 7. Bb2 Nf6 8. Nf3 0-0 9. 0-0 Be6 10. c4 Bg4 11. Bxf6 Qxf6 12. Nbd2 dxc4 13. Bxc4 Qd6 14. Ne4 Qxd1 15. Raxd1 Bb4 16. h3 Bxf3 17. gxf3 Ne5 18. Be2 Ng6 19. Rd4 a5 20. Nd6 Rad8 21. Rfd1 Bxd6 22. Rxd6 Rxd6 23. Rxd6 Nf4 24. Bf1 g5 25. Rb6 Rb8 26. Kh2 Kg7 27. Ba6 h5 28. Bxb7 Ne2 29. b4 axb4 30. Rb5 Nd4 31. Rxb4 Nxf3+ 32. Kg3 Nh4 33. Rb5 Kf6 34. a4 Nf5+ 35. Kf3 Nd4+ 0-1